Statistics for D3 Men's ice hockey teams

Click here to take the quiz!

General Stats

  • This quiz has been taken 6 times
  • The average score is 21 of 83

Answer Stats

HintAnswer% Correct
UCHCUtica
83%
NESCACMiddlebury
67%
SUNYACBrockport
50%
SUNYACBuffalo State
50%
NEHCCastleton
50%
SUNYACCortland
50%
SUNYACGeneseo
50%
NEHCHobart
50%
SUNYACOswego
50%
SUNYACPlattsburgh
50%
SUNYACPotsdam
50%
MIACSt. Olaf
50%
NESCACTrinity
50%
NESCACTufts
50%
NESCACWesleyan
50%
NESCACWilliams
50%
NESCACAmherst
33%
MIACAugsburg
33%
NEHCBabson
33%
MIACBethel
33%
NESCACBowdoin
33%
NESCACColby
33%
MIACConcordia (MN)
33%
NCHAConcordia (WI)
33%
NESCACConnecticut College
33%
SUNYACFredonia
33%
MIACGustavus Adolphus
33%
NESCACHamilton
33%
MIACHamline
33%
NEHCNew England College
33%
WIACNorthland
33%
NEHCNorwich
33%
MASCACPlymouth State
33%
MIACSaint John's
33%
MIACSaint Mary's
33%
NEHCSkidmore
33%
NCHASt. Norbert
33%
MIACSt. Scholastica
33%
MASCACUMass Dartmouth
33%
CCCUniversity of New England
33%
WIACWisconsin-Eau Claire
33%
WIACWisconsin-Stevens Point
33%
NCHAAdrian
17%
IndependentAlbertus Magnus
17%
NCHAAurora
17%
IndependentCanton
17%
NEHCElmira
17%
CCCEndicott
17%
NCHAFinlandia
17%
NCHALake Forest
17%
NCHALawrence
17%
UCHCManhattanville
17%
NCHAMilwaukee School of Engineering
17%
SUNYACMorrisville
17%
NEHCSouthern Maine
17%
UCHCStevenson
17%
CCCSuffolk
17%
NCHATrine
17%
NEHCUMass Boston
17%
CCCWestern New England
17%
WIACWisconsin-River Falls
17%
WIACWisconsin-Stout
17%
WIACWisconsin-Superior
17%
IndependentAnna Maria
0%
UCHCArcadia
0%
UCHCChatham
0%
CCCCurry
0%
MASCACFitchburg State
0%
MASCACFramingham State
0%
NEHCJohnson & Wales
0%
UCHCKing's
0%
UCHCLebanon Valley
0%
NCHAMarian
0%
UCHCNazareth
0%
UCHCNeumann
0%
CCCNichols
0%
IndependentRivier
0%
MASCACSalem State
0%
CCCSalve Regina
0%
CCCWentworth
0%
MASCACWestfield State
0%
UCHCWilkes
0%
MASCACWorcester State
0%

Score Distribution

Percentile by Number Answered

Percent of People with Each Score

Your Score History

You have not taken this quiz